[Event "First Saturday GM Feb 2014"]
[Site "Budapest"]
[Date "2014.02.07"]
[Round "6.3"]
[White "Szabo, Krisztian"]
[Black "Korpa, Bence"]
[Result "1/2-1/2"]
[WhiteElo "2564"]
[BlackElo "2403"]
[PlyCount "107"]
[EventDate "2014.02.01"]

1. e4 c6 2. d4 d5 3. Nc3 dxe4 4. Nxe4 Bf5 5. Ng3 Bg6 6. h4 h6 7. Nf3 Nd7 8. h5
Bh7 9. Bd3 Bxd3 10. Qxd3 e6 11. Bd2 Ngf6 12. O-O-O Be7 13. Kb1 Qb6 14. Rhe1 O-O
15. Nf5 Bb4 16. Nxh6+ gxh6 17. c3 Ba3 18. Bc1 Rfe8 19. g4 Nh7 20. c4 Bf8 21. g5
hxg5 22. Nxg5 Nxg5 23. Bxg5 Be7 24. Qg3 Kh8 25. Qf4 Bxg5 26. Qxg5 Kh7 27. h6
Rg8 28. Qe7 Qc7 29. Qxf7+ Kh8 30. Rg1 Raf8 31. Rxg8+ Rxg8 32. Qxe6 Qd8 33. d5
c5 34. Re1 Nf6 35. Qf7 Qf8 36. Qxb7 Ne4 37. Qc7 Qf5 38. Ka1 Nxf2 39. Qxc5 Qf4
40. Qb4 Qd4 41. Qc3 Qxc3 42. bxc3 Nd3 43. Rd1 Nc5 44. d6 Nd7 45. Re1 Nc5 46.
Re7 Rd8 47. Rc7 Ne6 48. Rxa7 Rxd6 49. Kb2 Rc6 50. Re7 Nc5 51. h7 Na4+ 52. Kb3
Rb6+ 53. Kxa4 Rb4+ 54. cxb4 1/2-1/2

[Event "First Saturday GM Feb 2014"]
[Site "Budapest"]
[Date "2014.02.07"]
[Round "6.4"]
[White "Skytte, Rasmus"]
[Black "Lundin, Jan"]
[Result "1-0"]
[WhiteElo "2416"]
[BlackElo "2320"]
[PlyCount "129"]
[EventDate "2014.02.01"]

1. d4 d5 2. c4 dxc4 3. Nf3 e6 4. e3 Nf6 5. Bxc4 c5 6. O-O Nc6 7. Nc3 a6 8. a3
Qc7 9. Qe2 Bd6 10. h3 O-O 11. dxc5 Bxc5 12. b4 Ba7 13. Bb2 Qe7 14. Rac1 Rd8 15.
Bd3 e5 16. Ne4 Nd5 17. Ng3 Bb8 18. Rfd1 Be6 19. Be4 Bc7 20. Rc5 Nb6 21. Bxc6
bxc6 22. Rxd8+ Rxd8 23. Bxe5 Bd5 24. Bxc7 Qxc7 25. e4 Bb3 26. Qxa6 Bc4 27. Rxc4
Ra8 28. Qxa8+ Nxa8 29. Nd4 Nb6 30. Rxc6 Qd8 31. Ngf5 g6 32. Nd6 Qf6 33. N6b5
Qg5 34. h4 Qd8 35. g3 h5 36. e5 Nd7 37. Nd6 Nf8 38. a4 Qe7 39. Rc5 f6 40. Nc4
Qd7 41. Nf3 Qb7 42. Ncd2 Qxb4 43. Rc4 Qb2 44. exf6 Qxf6 45. Kg2 Qa6 46. Ng5 Nd7
47. Rd4 Ne5 48. Nde4 Kg7 49. Rd5 Ng4 50. Rd7+ Kf8 51. Rd6 Qe2 52. Rc6 Ne3+ 53.
Kh2 Ng4+ 54. Kg1 Qd1+ 55. Kg2 Qxa4 56. Rd6 Qc2 57. Rd2 Qc1 58. Rd8+ Ke7 59. Rh8
Ne3+ 60. Kf3 Nf5 61. Rh7+ Kd8 62. Ne6+ Kc8 63. Rc7+ Qxc7 64. Nxc7 Kxc7 65. Kf4
1-0

[Event "First Saturday GM Feb 2014"]
[Site "Budapest"]
[Date "2014.02.07"]
[Round "6.5"]
[White "Czebe, Attila"]
[Black "Nguyen, Huynh Minh Huy"]
[Result "1/2-1/2"]
[WhiteElo "2452"]
[BlackElo "2466"]
[PlyCount "100"]
[EventDate "2014.02.01"]

1. Nf3 d5 2. g3 c6 3. Bg2 Nf6 4. c4 dxc4 5. O-O Nbd7 6. Qc2 Nb6 7. Na3 Be6 8.
Ng5 Bg4 9. Nxc4 Bxe2 10. Ne5 Bh5 11. b4 a6 12. Bb2 e6 13. Bf3 Bg6 14. Qb3 Bd6
15. a4 Bxe5 16. Bxe5 Qd3 17. Qxd3 Bxd3 18. b5 axb5 19. axb5 Bxf1 20. Rxa8+ Nxa8
21. bxc6 bxc6 22. Bxc6+ Nd7 23. Kxf1 f6 24. Bxa8 Ke7 25. Bd6+ Kxd6 26. Nf7+ Ke7
27. Nxh8 Kf8 28. Bc6 Ne5 29. Ba4 Nc4 30. Ke2 Nd6 31. Bb3 e5 32. Ke3 g6 33. d4
Kg7 34. dxe5 fxe5 35. Nxg6 hxg6 36. h4 Kf6 37. Bc2 Kg7 38. Bd3 Kh6 39. g4 g5
40. h5 Kg7 41. f3 Kh6 42. Be4 Nb5 43. Kd3 Nd4 44. Kc4 Ne6 45. Kd5 Nf4+ 46. Kxe5
Nh3 47. Bd3 Nf4 48. Bf1 Kg7 49. Ke4 Kh6 50. Kf5 Nd5 1/2-1/2

[Event "First Saturday GM Feb 2014"]
[Site "Budapest"]
[Date "2014.02.08"]
[Round "7.1"]
[White "Nguyen, Huynh Minh Huy"]
[Black "Nikcevic, Nebojsa"]
[Result "1-0"]
[WhiteElo "2466"]
[BlackElo "2429"]
[PlyCount "69"]
[EventDate "2014.02.01"]

1. d4 d5 2. c4 dxc4 3. Nf3 e6 4. e3 a6 5. Bxc4 Nf6 6. O-O b5 7. Bd3 Bb7 8. a4
b4 9. b3 c5 10. Bb2 Nbd7 11. Nbd2 Be7 12. Qe2 cxd4 13. Bxd4 Nc5 14. Bc4 O-O 15.
Rac1 Qa5 16. Ne5 Rfc8 17. Nd3 Nce4 18. Nxe4 Nxe4 19. Qb2 Nd6 20. Ne5 Nf5 21.
Qe2 Bf6 22. f4 Rd8 23. Ba1 Qb6 24. Rce1 Bh4 25. g3 Be7 26. a5 Qxa5 27. Nxf7 Rd5
28. Ng5 Bxg5 29. fxg5 Nd6 30. Qf2 Qd8 31. Bxd5 exd5 32. Qf4 Qd7 33. Rc1 Nb5 34.
Bd4 Re8 35. Bc5 1-0

[Event "First Saturday GM Feb 2014"]
[Site "Budapest"]
[Date "2014.02.08"]
[Round "7.2"]
[White "Lundin, Jan"]
[Black "Czebe, Attila"]
[Result "1/2-1/2"]
[WhiteElo "2320"]
[BlackElo "2452"]
[PlyCount "122"]
[EventDate "2014.02.01"]

1. d4 Nf6 2. Bg5 g6 3. Bxf6 exf6 4. c4 Bg7 5. Nc3 O-O 6. g3 f5 7. e3 d6 8. Bg2
c6 9. Nge2 Nd7 10. O-O Nf6 11. Qd3 Bd7 12. b4 Rc8 13. a4 a5 14. b5 cxb5 15.
Nxb5 Bc6 16. Na7 Bxg2 17. Kxg2 Ra8 18. Nb5 Qd7 19. Rab1 Rfc8 20. Rfc1 Qc6+ 21.
Kg1 Bf8 22. Nf4 d5 23. c5 b6 24. cxb6 Qxc1+ 25. Rxc1 Rxc1+ 26. Kg2 Rb8 27. Qd2
Rc6 28. Qxa5 Rbxb6 29. Nc7 Rb8 30. Ncxd5 Ne4 31. Nd3 Rc2 32. g4 fxg4 33. N5f4
Nd6 34. Qd5 Nf5 35. Qe4 Bd6 36. h3 g3 37. Kf3 gxf2 38. Nxf2 Ra2 39. Qd5 Rxa4
40. Ng4 Ra7 41. Nh6+ Nxh6 42. Qxd6 Rba8 43. Nd5 Nf5 44. Qe5 Ng7 45. Nf6+ Kh8
46. d5 Ra1 47. d6 R1a5 48. Qe7 Ne6 49. h4 Kg7 50. Ne8+ Kh6 51. Nc7 Rf5+ 52. Kg3
Ra3 53. Nxe6 Rxe3+ 54. Kg4 Re4+ 55. Kg3 Rxe6 56. Qf8+ Kh5 57. d7 Re3+ 58. Kg2
Re2+ 59. Kg3 Re3+ 60. Kg2 Re2+ 61. Kg3 Re3+ 1/2-1/2

[Event "First Saturday GM Feb 2014"]
[Site "Budapest"]
[Date "2014.02.08"]
[Round "7.3"]
[White "Korpa, Bence"]
[Black "Skytte, Rasmus"]
[Result "1/2-1/2"]
[WhiteElo "2403"]
[BlackElo "2416"]
[PlyCount "89"]
[EventDate "2014.02.01"]

1. c4 e6 2. Nf3 d5 3. b3 Nf6 4. g3 c5 5. Bg2 Nc6 6. O-O d4 7. e3 e5 8. exd4
exd4 9. Re1+ Be7 10. Ne5 Nxe5 11. Rxe5 O-O 12. d3 Bd6 13. Re1 Bg4 14. Qc2 Re8
15. Rxe8+ Qxe8 16. Bd2 Qe2 17. Na3 Re8 18. h3 Bh5 19. Nb5 Bb8 20. Re1 Qxe1+ 21.
Bxe1 Rxe1+ 22. Bf1 Be2 23. Qd2 Rxf1+ 24. Kg2 Bxd3 25. Qxd3 Re1 26. b4 a6 27.
bxc5 axb5 28. cxb5 g6 29. Qxd4 Be5 30. Qd2 Re4 31. Qc2 Rb4 32. a4 Nd5 33. Qe2
Bd4 34. Qe4 Nc3 35. Qxb7 Rb2 36. h4 Rxf2+ 37. Kh3 Ne2 38. Qh1 Be5 39. c6 Bxg3
40. b6 Bd6 41. c7 Nf4+ 42. Kg3 Nd3+ 43. Kh3 Nf4+ 44. Kg3 Nd3+ 45. Kh3 1/2-1/2

[Event "First Saturday GM Feb 2014"]
[Site "Budapest"]
[Date "2014.02.08"]
[Round "7.4"]
[White "Wang, Puchen"]
[Black "Szabo, Krisztian"]
[Result "1-0"]
[WhiteElo "2458"]
[BlackElo "2564"]
[PlyCount "69"]
[EventDate "2014.02.01"]

1. d4 Nf6 2. c4 g6 3. Nc3 Bg7 4. e4 d6 5. f3 O-O 6. Be3 c5 7. Nge2 Nc6 8. d5
Ne5 9. Ng3 h5 10. Be2 h4 11. Nf1 e6 12. Nd2 exd5 13. cxd5 Nh7 14. f4 Nd7 15.
O-O Qe7 16. Nc4 Bxc3 17. bxc3 Qxe4 18. Bd3 Qe7 19. Re1 Qf6 20. Nd2 Qd8 21. h3
Ndf6 22. Qf3 b5 23. Bxb5 Bf5 24. Bf2 Rb8 25. a4 Nh5 26. Nc4 Qf6 27. Ne3 Bc8 28.
f5 a6 29. Bc6 Qxc3 30. Bxh4 N7f6 31. g4 Ng7 32. Rac1 Qb2 33. Nc4 Rb3 34. Qd1
Qa2 35. Re2 1-0

[Event "First Saturday GM Feb 2014"]
[Site "Budapest"]
[Date "2014.02.08"]
[Round "7.5"]
[White "Drozdowski, Kacper"]
[Black "Kantor, Gergely"]
[Result "1-0"]
[WhiteElo "2466"]
[BlackElo "2328"]
[PlyCount "87"]
[EventDate "2014.02.01"]

1. e4 c5 2. Nf3 e6 3. b3 b6 4. Bb2 Bb7 5. Qe2 d6 6. d4 cxd4 7. Nxd4 Nf6 8. Nc3
a6 9. O-O-O Nbd7 10. g4 h6 11. Bg2 Qc7 12. Nd5 Qc5 13. Rhe1 e5 14. Rd3 Nxd5 15.
exd5 Bxd5 16. Bxd5 Qxd5 17. Nf5 Qb5 18. Qe4 Rc8 19. Nxd6+ Bxd6 20. Rxd6 O-O 21.
a4 Qxb3 22. Kb1 Qc4 23. Rxd7 Qc5 24. Rd2 Rfe8 25. Re3 Qa5 26. Rd7 Rc5 27. Qf5
Rf8 28. Rxe5 Qxa4 29. Rxc5 bxc5 30. g5 Qc4 31. Qd3 Qe6 32. Rd6 Qe1+ 33. Qd1
Qxd1+ 34. Rxd1 hxg5 35. Rd5 f6 36. Rxc5 Rb8 37. Kc1 Rb4 38. c4 Rb3 39. Bd4 Rh3
40. Rd5 Rxh2 41. c5 Kf7 42. c6 Ke6 43. Rd8 Rh1+ 44. Kc2 1-0

[Event "First Saturday GM Feb 2014"]
[Site "Budapest"]
[Date "2014.02.09"]
[Round "8.1"]
[White "Nikcevic, Nebojsa"]
[Black "Kantor, Gergely"]
[Result "1/2-1/2"]
[WhiteElo "2429"]
[BlackElo "2328"]
[PlyCount "65"]
[EventDate "2014.02.01"]

1. Nf3 d5 2. d4 Nf6 3. c4 c6 4. Nc3 e6 5. e3 a6 6. b3 Bb4 7. Bd2 Nbd7 8. Bd3
O-O 9. O-O Qe7 10. Qc2 e5 11. dxe5 Nxe5 12. Nxe5 Qxe5 13. cxd5 cxd5 14. Ne2 Bd6
15. Ng3 Qg5 16. f4 Qh4 17. Rf3 Re8 18. Raf1 g6 19. Be1 Ng4 20. h3 Nxe3 21. Rxe3
Rxe3 22. Nf5 Bxf5 23. Bxh4 Rxd3 24. Qb2 Re8 25. Bf6 Bc5+ 26. Kh2 Rde3 27. Rf2
R3e4 28. Be5 Bxf2 29. Qxf2 R4xe5 30. fxe5 Rxe5 31. g4 Be6 32. a4 h5 33. Qa7
1/2-1/2

[Event "First Saturday GM Feb 2014"]
[Site "Budapest"]
[Date "2014.02.09"]
[Round "8.2"]
[White "Szabo, Krisztian"]
[Black "Drozdowski, Kacper"]
[Result "1-0"]
[WhiteElo "2564"]
[BlackElo "2466"]
[PlyCount "153"]
[EventDate "2014.02.01"]

1. e4 c5 2. Nf3 e6 3. d4 cxd4 4. Nxd4 Nc6 5. Nb5 d6 6. c4 Nf6 7. N1c3 a6 8. Na3
Be7 9. Be2 O-O 10. O-O b6 11. Be3 Bb7 12. f3 Re8 13. Qb3 Nd7 14. Rad1 Nc5 15.
Qc2 Bf6 16. Qd2 Be5 17. Nab1 Qh4 18. f4 Bxc3 19. Nxc3 Rad8 20. Bf3 Qe7 21. Qf2
Qf8 22. Rd2 Rc8 23. Rb1 a5 24. Rbd1 Ba6 25. Rxd6 Nb7 26. R6d2 Bxc4 27. Bxb6 e5
28. Bg4 f5 29. Bxf5 Be6 30. Bxe6+ Rxe6 31. f5 Re7 32. Qe2 Kh8 33. Qb5 Qf7 34.
Nd5 Rd7 35. Rc1 Na7 36. Qf1 Rxc1 37. Qxc1 Nd6 38. Ne3 Nac8 39. Bxa5 Qxa2 40.
Bb4 h6 41. Rd5 Qa4 42. Bc3 Nxe4 43. Rxd7 Qxd7 44. Bxe5 Ne7 45. Qc2 Qb7 46. h3
Kg8 47. Qc4+ Kf8 48. Kh2 Nf6 49. Qd4 Ne8 50. b4 Qb5 51. Qc5 Qxc5 52. bxc5 Nc6
53. Nc4 Kf7 54. g4 Nf6 55. Bxf6 Kxf6 56. Kg3 Nb4 57. Kf3 h5 58. Na5 hxg4+ 59.
hxg4 g6 60. fxg6 Kxg6 61. c6 Nd5 62. Ke4 Nc7 63. Nc4 Kf6 64. Ne3 Ke6 65. Nf5
Kf6 66. Nd4 Kg5 67. Kf3 Kf6 68. Kf4 Nd5+ 69. Ke4 Nc7 70. Nf3 Ke6 71. g5 Kd6 72.
Nd4 Nd5 73. g6 Nf6+ 74. Kf5 Ne8 75. Kg5 Kd5 76. c7 Nxc7 77. g7 1-0

[Event "First Saturday GM Feb 2014"]
[Site "Budapest"]
[Date "2014.02.09"]
[Round "8.3"]
[White "Skytte, Rasmus"]
[Black "Wang, Puchen"]
[Result "1/2-1/2"]
[WhiteElo "2416"]
[BlackElo "2458"]
[PlyCount "112"]
[EventDate "2014.02.01"]

1. d4 Nf6 2. c4 g6 3. Nc3 d5 4. cxd5 Nxd5 5. Bd2 Bg7 6. e4 Nb6 7. Be3 O-O 8. h3
Nc6 9. Nf3 f5 10. exf5 Bxf5 11. Qb3+ Kh8 12. d5 Nb8 13. g4 Bc8 14. Ng5 h6 15.
Ne6 Bxe6 16. dxe6 Nc6 17. Bg2 Nd4 18. Bxd4 Qxd4 19. O-O Be5 20. Ne2 Qd2 21. Qe3
Qxe3 22. fxe3 c6 23. Nf4 Kg7 24. Nd3 Bd6 25. b3 Rf6 26. Rxf6 exf6 27. Rd1 Re8
28. Nf4 Bxf4 29. exf4 Rxe6 30. Rd8 Re7 31. Kf2 f5 32. gxf5 gxf5 33. h4 Kf7 34.
Rb8 Nd5 35. Bxd5+ cxd5 36. Rd8 Ke6 37. Ke3 Kf6+ 38. Kf3 Ke6 39. Ke3 Kf7+ 40.
Kf3 Kg6 41. Rxd5 Rf7 42. Re5 Rf6 43. Re7 Rb6 44. Kg3 Kh5 45. Re5 Rf6 46. Kh3 a6
47. Kg3 Kg6 48. Kf3 Rf7 49. Kg3 Rd7 50. h5+ Kf6 51. Re8 Rd3+ 52. Kh4 Rf3 53.
Rf8+ Ke6 54. Rh8 Rxf4+ 55. Kg3 Rg4+ 56. Kf3 Kd5 1/2-1/2

[Event "First Saturday GM Feb 2014"]
[Site "Budapest"]
[Date "2014.02.09"]
[Round "8.4"]
[White "Czebe, Attila"]
[Black "Korpa, Bence"]
[Result "1/2-1/2"]
[WhiteElo "2452"]
[BlackElo "2403"]
[PlyCount "26"]
[EventDate "2014.02.01"]

1. Nf3 d5 2. g3 Nf6 3. Bg2 c6 4. c4 Bg4 5. Ne5 Be6 6. cxd5 Bxd5 7. Nf3 c5 8.
Nc3 Bc6 9. O-O e6 10. d4 cxd4 11. Qxd4 Qxd4 12. Nxd4 Bxg2 13. Kxg2 a6 1/2-1/2

[Event "First Saturday GM Feb 2014"]
[Site "Budapest"]
[Date "2014.02.09"]
[Round "8.5"]
[White "Nguyen, Huynh Minh Huy"]
[Black "Lundin, Jan"]
[Result "1-0"]
[WhiteElo "2466"]
[BlackElo "2320"]
[PlyCount "85"]
[EventDate "2014.02.01"]

1. d4 d5 2. Nf3 e6 3. e3 f5 4. Bd3 Nf6 5. b3 Bd6 6. O-O Qe7 7. c4 c6 8. Bb2 O-O
9. Nc3 Ne4 10. Ne2 b6 11. Ne5 Bb7 12. Rc1 Rf6 13. f3 Ng5 14. Ng3 Nf7 15. f4 g6
16. Rf2 Nd8 17. Nf1 Rf8 18. Rfc2 Nd7 19. c5 Bb8 20. a4 bxc5 21. Ba3 Bd6 22.
Nxd7 Qxd7 23. Bxc5 Bxc5 24. Rxc5 Rb8 25. Nd2 Ba8 26. Nf3 Nf7 27. Bc2 Rb6 28.
Ne1 Qe7 29. Nd3 g5 30. Qe1 Kh8 31. fxg5 Qxg5 32. Qg3 Qf6 33. Qc7 Rb7 34. Qxc6
Rxb3 35. Qa6 Rb7 36. Bd1 Qe7 37. Rc8 Nd6 38. Rxf8+ Qxf8 39. Ne5 Rg7 40. Qxd6
Qxd6 41. Rc8+ Rg8 42. Nf7+ Kg7 43. Nxd6 1-0

[Event "First Saturday GM Feb 2014"]
[Site "Budapest"]
[Date "2014.02.10"]
[Round "9.2"]
[White "Korpa, Bence"]
[Black "Nguyen, Huynh Minh Huy"]
[Result "1/2-1/2"]
[WhiteElo "2403"]
[BlackElo "2466"]
[PlyCount "26"]
[EventDate "2014.02.01"]

1. c4 Nf6 2. Nc3 e5 3. Nf3 Nc6 4. g3 Bc5 5. Bg2 O-O 6. O-O d6 7. d3 h6 8. a3 a5
9. e3 Bb6 10. b3 Bf5 11. h3 Qd7 12. Kh2 Rfe8 13. Bb2 Rad8 1/2-1/2

[Event "First Saturday GM Feb 2014"]
[Site "Budapest"]
[Date "2014.02.10"]
[Round "9.3"]
[White "Wang, Puchen"]
[Black "Czebe, Attila"]
[Result "1/2-1/2"]
[WhiteElo "2458"]
[BlackElo "2452"]
[PlyCount "27"]
[EventDate "2014.02.01"]

1. c4 Nf6 2. Nc3 e5 3. Nf3 Nc6 4. g3 Bc5 5. Bg2 d6 6. d3 a6 7. O-O h6 8. a3 O-O
9. b4 Ba7 10. Bb2 Be6 11. h3 Qd7 12. Kh2 Rae8 13. Rc1 Nh7 14. b5 1/2-1/2

[Event "First Saturday GM Feb 2014"]
[Site "Budapest"]
[Date "2014.02.10"]
[Round "9.4"]
[White "Drozdowski, Kacper"]
[Black "Skytte, Rasmus"]
[Result "1/2-1/2"]
[WhiteElo "2466"]
[BlackElo "2416"]
[PlyCount "63"]
[EventDate "2014.02.01"]

1. e4 e6 2. d4 d5 3. Nd2 Nf6 4. e5 Nfd7 5. Bd3 c5 6. c3 Nc6 7. Ngf3 g5 8. dxc5
g4 9. Nd4 Ndxe5 10. N2b3 Nxd3+ 11. Qxd3 e5 12. Nxc6 bxc6 13. O-O Bg7 14. Qg3
O-O 15. f4 gxf3 16. Bh6 Qf6 17. Bxg7 Qxg7 18. Rxf3 Bg4 19. Re3 Rae8 20. h3 f5
21. Ree1 Bh5 22. Qxg7+ Kxg7 23. Na5 Re6 24. b4 f4 25. Nb3 f3 26. Re3 e4 27. Rf1
Rg6 28. Rf2 Rf5 29. g4 Bxg4 30. hxg4 h5 31. Nd4 Rfg5 32. Nxf3 1/2-1/2

[Event "First Saturday GM Feb 2014"]
[Site "Budapest"]
[Date "2014.02.10"]
[Round "9.5"]
[White "Kantor, Gergely"]
[Black "Szabo, Krisztian"]
[Result "1/2-1/2"]
[WhiteElo "2328"]
[BlackElo "2564"]
[PlyCount "46"]
[EventDate "2014.02.01"]

1. d4 Nf6 2. c4 g6 3. Nc3 Bg7 4. e4 d6 5. Nge2 O-O 6. Ng3 e5 7. d5 a5 8. Be2
Na6 9. O-O Qe8 10. Be3 h5 11. f3 Nh7 12. Qd2 Bd7 13. Nb5 b6 14. Rac1 Qe7 15.
Bd3 Bf6 16. b3 h4 17. Ne2 Bg5 18. a3 Bxe3+ 19. Qxe3 Kg7 20. Rc3 Nf6 21. Rb1 Nh5
22. b4 Qf6 23. Rc2 Rfb8 1/2-1/2